| 000 | 00387nam a2200145Ia 4500 | ||
|---|---|---|---|
| 008 | 231129s2001||||xx |||||||||||||| ||spa|| | ||
| 020 | _a84-348-7728-7 | ||
| 040 | _bspa | ||
| 082 | _a(i) 808.068543 G633c | ||
| 100 | _aGomez Cerda Alfredo | ||
| 245 | 0 | _aCerote el rey del gallinero | |
| 260 | _c2001 | ||
| 264 | _aEdiciones SM | ||
| 942 |
_2ddc _cBKS |
||
| 999 |
_c6858 _d6858 |
||